Helena bez rakety Chvíle s Helenou Sukovou, z ktorých iba časť patrila tenisu

Bibliographic Details
Main Author: Lukáč, Tibor, 1914-1995 (Author)
Format: Article
Language:Slovak
PhysicalDescription:Obr. 1.
Subjects:

MARC

LEADER 00000nab a2200000 a 4500
001 vtls000401631
003 SK-MaSNL
005 20260303191032.0
008 160202c1990 xo 0 slo
015 |a SNBRB19rr/mm-uuuuu 
035 |a CL0401755 
040 |a SNKBUCL  |b slo  |c SNKBUCL  |e AACR2 
041 0 |a slo 
044 |a xo  |c SK 
080 |a 796.342.071  |2 1981 
080 |a 929 Suková, Helena  |2 1981 
100 1 |a Lukáč, Tibor,  |d 1914-1995  |4 aut  |9 233711 
245 1 0 |a Helena bez rakety  |b Chvíle s Helenou Sukovou, z ktorých iba časť patrila tenisu  |c Tibor Lukáč ; Helena Suková 
300 |b Obr. 1. 
600 1 7 |a Suková, Helena,  |2 snkbucl  |9 1220010 
600 1 7 |a Suková, Helena  |d ?-  |x profily  |2 snkbucl  |9 1220011 
655 7 |a články z novín a časopisov  |2 snkbucl  |9 267496 
773 0 |t Slobodný piatok  |g Roč. 1, č. 33 (1990), s. 6 a 7 
850 |a Slovenská národná knižnica v Martine  |a MTA001 
852 |a SNK  |b KIS3GCP 
958 |a RK 
958 |a CZ 
992 |a RBX 
999 |c 2139179  |d 2141109